000 00682nam a2200145 a 4500
008 110818s1991 ||||||||||||||||| || u
050 _aTHESIS/STUDENT
100 _aTonga Stanley
245 1 0 _aRisks and uncertainties in property development: an appraisal of the Zambia National Provident Fund Housing project, riverside, Kitwe
260 _aKitwe
_bCopperbelt University, School of Built Environment, Department of Land Economy
_c1991
350 _a0.00
650 _aPROPERTY DEVELOPMENT
650 _aREAL PROPERTY
995 _D0.00
_FCBU-MAIN LIBRARY (Kitwe)
_H1
_I0.00
_M1
_UAVAILABLE
_WAug 18, 2011
_ZUniversity Collection
999 _c56588
_d56588